LIBRARY & INFORMATION CENTRE, KCAET, TAVANUR

ONLINE PUBLIC ACCESS CATALOGUE (OPAC)

Power Stations and Substations / (Record no. 1945)

MARC details
000 -LEADER
fixed length control field 00397cam a2200157ua 4500
003 - CONTROL NUMBER IDENTIFIER
control field OSt
008 - FIXED-LENGTH DATA ELEMENTS--GENERAL INFORMATION
fixed length control field 241218b |||||||| |||| 00| 0 eng d
082 ## - DEWEY DECIMAL CLASSIFICATION NUMBER
Classification number 621.31
Item number BAP/PO
100 ## - MAIN ENTRY--AUTHOR NAME
Personal name Baptidanow, L .
245 ## - TITLE STATEMENT
Title Power Stations and Substations /
250 ## - EDITION STATEMENT
Edition statement 1 /
260 ## - PUBLICATION, DISTRIBUTION, ETC. (IMPRINT)
Place of publication Moscow :
Name of publisher Peace Publishers ,
Year of publication 1984.
300 ## - PHYSICAL DESCRIPTION
Number of Pages 462 ; .
700 1# - ADDED ENTRY--PERSONAL NAME
Personal name Trarasov, V .
942 ## - ADDED ENTRY ELEMENTS (KOHA)
Koha item type Books
Holdings
Withdrawn status Lost status Damaged status Home library Current library Date acquired Full call number Accession Number Koha item type
      KAUAET KAUAET 07/04/2012 621.31 BAP/PO 11213 Books
      KAUAET KAUAET 07/04/2012 621.31 BAP/PO 9097 Books
free website counter